00384pab a2200121 454500008004000000100001900040245012300059260000900182300001400191362000800205650001000213773003900223180718b2008 xxu||||| |||| 00| 0 eng d aDion, Michelle aAll-knowing or all-nurturing? Student expectations, gender roles, and practical suggestions for women in the classroom c2008 ap.853-56. aOct aWomen aPS: Political Science and Politics